000 01421nam a22003857a 4500
003 CHAP
005 20220817044125.0
008 010926d mx r 00110 spa d
010 _a92741
011 _a93713
035 _a104293
040 _cCHAP
090 _aFolleto 16865
100 0 0 _aNascimento, José Rente.
_980261
245 1 0 _aInstrumentos para el desarrollo de dueños de pequeñas tierras forestales
_c/por José Rente Nascimento y José Luis Mota Villanueva
260 _aWashington, D.C. :
_bBanco Interamericano de Desarrollo,
_c2004.
300 _a58 p.
410 0 0 _aBanco Interamericano de Desarrollo
490 0 _aSerie de Estudios Económicos y Sectoriales
590 _aBATCH-UPD
_b10
_c20130110
_lUCH01
_h0403
590 _aBATCH-UPD
_b10
_c20130110
_lUCH01
_h1919
590 _aBATCH-UPD
_b10
_c20130410
_lUCH01
_h0036
590 _aBATCH-UPD
_b10
_c20130914
_lUCH01
_h0723
590 _aCONVERSION
_b10
_c20130109
_lUCH01
_h1351
650 1 4 _aBosques
_xAmérica Latina.
_914052
650 1 4 _aSilvicultura sustentable.
_9106136
650 1 4 _aSuelos forestales.
_9110548
700 1 _aMota Villanueva, José Luis.
_979075
810 0 0 _aBanco Interamericano de Desarrollo
830 0 _aSerie de Estudios Económicos y Sectoriales
_9104721
901 _aBK
905 _aAlejandra Carrasco M.
942 _cFOLL
949 _aFolleto 16865
_bBC
_cFOLL
_d33724000994398
_eTS1
_gDonaciØn
_i104293
_sb
999 _c92741
_d92741